000 00611 a2200205 4500
001 62577
005 20260407155919.0
008 260407a1984 arg spa d
003 AR-UNSa-BCEJYS
040 _aAR-UNSa-BCEJYS
_bspa
_cAR-UNSa-BCEJYS
080 _a354.11/86
_xMinisterios. Departamentos de Estado
245 1 0 _aEl ministerio de fomento 1832-1931
020 _a978-84-7088-354-5
264 1 _aMadrid :
_bInstituto de Estudios de Administración Local
_c1984
300 _a126 p.
_c21 cm.
041 _aspa
942 _cBK
590 _aniveau_biblio:m niveau_hierar:0
100 1 _aGuaita, Aurelio
999 _c7711
_d7711